Brazil Groups of Things - Statistics

General Stats
  • This quiz has been taken 28 times
  • The average score is 31 of 48
Answer Stats
Hint Answer % Correct
Largest Cities Rio de Janeiro
100%
Most Populous States Rio de Janeiro
100%
Bordering Countries Argentina
96%
Bordering Countries Bolivia
96%
Bordering Countries Colombia
96%
Bordering Countries Uruguay
96%
Longest Rivers Amazon
93%
Bordering Countries Paraguay
93%
Countries Formerly Ruling Brazil Portugal
93%
Largest Cities São Paulo
93%
Most Populous States São Paulo
93%
Clubs That Have Won the Copa Libertadores São Paulo
93%
Bordering Countries Guyana
89%
Soccer Legends Pelé
89%
Bordering Countries Peru
89%
Bordering Countries Suriname
89%
Bordering Countries Venezuela
89%
Largest Cities Brasília
85%
Bordering Countries France
85%
Countries Formerly Ruling Brazil France
85%
Soccer Legends Ronaldo
81%
Largest Cities Belo Horizonte
74%
World Cup Winning Years 2002
67%
Famous Rio Beaches Copacabana
67%
Soccer Legends Ronaldinho
67%
Largest Cities Salvador
67%
World Cup Winning Years 1962
63%
World Cup Winning Years 1994
63%
World Cup Winning Years 1958
59%
World Cup Winning Years 1970
59%
Countries Formerly Ruling Brazil Netherlands
59%
Famous Rio Beaches Ipanema
52%
Clubs That Have Won the Copa Libertadores Flamengo
48%
Clubs That Have Won the Copa Libertadores Palmeiras
48%
Most Populous States Bahia
44%
Largest Cities Fortaleza
44%
Most Populous States Paraná
37%
Longest Rivers Paraná
37%
Clubs That Have Won the Copa Libertadores Santos
37%
Most Populous States Minas Gerais
33%
Most Populous States Rio Grande do Sul
22%
Clubs That Have Won the Copa Libertadores Grêmio
19%
Longest Rivers São Francisco
15%
Clubs That Have Won the Copa Libertadores Cruzeiro
11%
Clubs That Have Won the Copa Libertadores Internacional
11%
Longest Rivers Madeira
11%
Longest Rivers Tocantins
11%
Soccer Legends Neymar Jr.
4%
No matching quizzes found
Score Distribution
Percent of People with Each Score
Percentile by Number Answered
Your Score History
You have not taken this quiz